000 00657nam a2200217Ia 4500
005 20250508163743.0
008 008 250505s9999 xx 000 0 eng d
020 _a0-415-14248-2
037 _aReference
040 _aFEDL
_beng
_cFEDL
041 _aeng
_2eng
084 _a370.153, MOR
_qFEDL
100 _aMorgan Wendy
_9776212
245 0 _aCritical literacy in the classroom: The art of the possible
260 _aLondon, UK
_bRoutledge
_c1997
300 _aix,219p
365 _aGBP
_b13.99
650 _aCritical pedagogy; Language arts; Critical pedagogy
_9776213
942 _cREF
_h370.153, MOR
999 _c1385079
_d1385079